000 00349 a2200157 4500
001 45291
020 _a9788575038857
040 _cAnchieta - Aquarius
100 _aNeeman, Sylvie
240 1 0 _aSábado na livraria
_lpor
245 1 0 _aSábado na livraria
300 _a32
362 0 _a2010
650 4 _aLiteratura infanto-juvenil
942 _cBK
999 _c45291
_d45291